Central Library OPAC University of Rajshahi

বাঙালি বুদ্ধিজীবী ও বিচ্ছিন্নতাবাদ / (Record no. 39558)

MARC details
000 -LEADER
fixed length control field 01235nam a2200265 a 4500
001 - CONTROL NUMBER
control field 39558
003 - CONTROL NUMBER IDENTIFIER
rucl marc code BD-RjUL
005 - DATE AND TIME OF LATEST TRANSACTION
control field 20220616101459.0
008 - FIXED-LENGTH DATA ELEMENTS--GENERAL INFORMATION
fixed length control field 160412r20172011bg ||||| |||| 001 0 ben d
020 ## - INTERNATIONAL STANDARD BOOK NUMBER
International Standard Book Number 9847000001481
Terms of availability : Tk. 300.00
035 ## - SYSTEM CONTROL NUMBER
System control number (BD-RjUL) 39671
040 ## - CATALOGING SOURCE
Original cataloging agency BD-RjUL
Language of cataloging ben
Transcribing agency BD-RjUL
041 ## - LANGUAGE CODE
Language code of text/sound track or separate title ben
-- eng
082 ## - DEWEY DECIMAL CLASSIFICATION NUMBER
Classification number 305.552
Edition number 23
Author mark and year DEB 2011
100 ## - MAIN ENTRY--PERSONAL NAME
Personal name দে, অমলেন্দু
9 (RLIN) 121806
245 10 - TITLE STATEMENT
Title বাঙালি বুদ্ধিজীবী ও বিচ্ছিন্নতাবাদ /
Statement of responsibility, etc. অমলেন্দু দে
260 ## - PUBLICATION, DISTRIBUTION, ETC. (IMPRINT)
Place of publication, distribution, etc. ঢাকা :
Name of publisher, distributor, etc. জাতীয় সাহিত্য প্রকাশ,
Date of publication, distribution, etc. ২০১১, [মুদ্রণ ২০১৭]
300 ## - PHYSICAL DESCRIPTION
Pagination [১৩], ২২৬ পৃ. ;
Size ২২ সেমি.
500 ## - GENERAL NOTE
General note পরিশিষ্ট ও নির্দেশিকা সংযুক্ত
650 ## - SUBJECT ADDED ENTRY--TOPICAL TERM
Topical term or geographic name as entry element বুদ্ধিজীবী
General subdivision মনোভাব
Geographic subdivision বাংলাদেশ
9 (RLIN) 122663
Topical term or geographic name as entry element Intellectuals
General subdivision Attitudes
Geographic subdivision Bangladesh
9 (RLIN) 122664
Topical term or geographic name as entry element বাংলা সাহিত্য
General subdivision উপলব্ধি
Geographic subdivision বাংলাদেশ
9 (RLIN) 122665
Topical term or geographic name as entry element Bengali literature
General subdivision Appreciation
Geographic subdivision Bangladesh
9 (RLIN) 122666
942 ## - ADDED ENTRY ELEMENTS (KOHA)
Source of classification or shelving scheme Dewey Decimal Classification
Koha item type Books
Holdings
Lost status Source of classification or shelving scheme Damaged status Not for loan Collection code Permanent Location Current Location Shelving location Date acquired Source of acquisition Cost, normal purchase price Total Checkouts Full call number Date last seen Copy number Koha item type Date checked out
  Dewey Decimal Classification   Not For Loan Non-fiction Central Library, University of Rajshahi Central Library, University of Rajshahi Reading Room 29/04/2014 Jatiya Sahitya Prakash, Dhaka 300.00   B 305.552 DEB 2011 12/04/2016 C-1 Books  
  Dewey Decimal Classification     Non-fiction Central Library, University of Rajshahi Central Library, University of Rajshahi   29/04/2014 Jatiya Sahitya Prakash, Dhaka 300.00 1 B 305.552 DEB 2011 08/02/2017 C-2 Books 23/11/2016
  Dewey Decimal Classification     Non-fiction Central Library, University of Rajshahi Central Library, University of Rajshahi   29/04/2014 Jatiya Sahitya Prakash, Dhaka 300.00 1 B 305.552 DEB 2011 27/02/2020 C-3 Books 10/02/2020
  Dewey Decimal Classification     Non-fiction Central Library, University of Rajshahi Central Library, University of Rajshahi   06/08/1989 U.S.A 23.00   B 305.552 DEB 1987 26/04/2017 C-4 Books  
  Dewey Decimal Classification     Non-fiction Central Library, University of Rajshahi Central Library, University of Rajshahi General Stacks 17/04/2022 Jatiya Sahitya Prakash, Dhaka 280.00   B 305.552 DEB 2017 16/06/2022 C-5 Books  
  Dewey Decimal Classification     Non-fiction Central Library, University of Rajshahi Central Library, University of Rajshahi General Stacks 17/04/2022 Jatiya Sahitya Prakash, Dhaka 280.00   B 305.552 DEB 2017 16/06/2022 C-6 Books